| 000 | 00741nas a2200253Ia 4500 | ||
|---|---|---|---|
| 001 | R109/44566 | ||
| 003 | IT-RoPAU | ||
| 008 | 151124c99999999xx |||||||||||| ||und|| | ||
| 040 | _aIT-RoPAU | ||
| 040 | _cIT-RoPAU | ||
| 041 | _aFRANCESE | ||
| 100 |
_aStourdze' Yves _gCodice Aut. SPICS: 5 |
||
| 210 | _aCOMMUNICATIONS | ||
| 222 | _aCommunications | ||
| 245 |
_aCOMMUNICATIONS, N.25 (1976) _bPouvoir En Miettes (Le) |
||
| 250 | _a1a ed. | ||
| 260 |
_aPARIS _bSEUIL _c1976 |
||
| 501 |
_bPaulus - SPICS - Società San Paolo EM (non-commercial uses only) _cCopyright2015 |
||
| 300 | _a5 p. [113-117] | ||
| 362 | _aN.25 (1976) | ||
| 500 | _aPotere-In-Briciole | ||
| 650 |
_aCOMUNICAZIONE _vPUBBLICAZIONE PERIODICA |
||
| 942 | _cCR | ||
| 999 |
_c197597 _d197597 |
||